[Event "Rated Blitz tournament jan21bta"]
[Site "?"]
[Date "2021.01.02"]
[Round "?"]
[White "PavelMart"]
[Black "Maurevert"]
[Result "1-0"]
[WhiteElo "2405"]
[BlackElo "2574"]
[PlyCount "139"]
[EventDate "2021.??.??"]
[EventType "blitz"]

1. e4 e5 2. Nf3 d5 3. exd5 e4 4. Ne5 Qxd5 5. d4 exd3 6. Nxd3 Nf6 7. Nc3 Qe6+ 8.
Be2 Be7 9. O-O O-O 10. Re1 Bd6 11. Bf3 Qf5 12. Ne4 Nxe4 13. Bxe4 Qf6 14. Bd2
Nc6 15. Bc3 Qh6 16. h3 Be6 17. Qf3 Rad8 18. Rad1 a5 19. Bd2 Nd4 20. Bxh6 Nxf3+
21. Bxf3 gxh6 22. Bxb7 Bxa2 23. b3 a4 24. Bd5 Rb8 25. Nc1 axb3 26. Nxb3 Bb4 27.
Re4 Bc3 28. Ra4 Bxb3 29. Bxb3 Rfd8 30. Rg4+ Kf8 31. Rxd8+ Rxd8 32. g3 Rd2 33.
Rf4 f6 34. Kg2 Ke7 35. Re4+ Kd6 36. Rf4 c5 37. h4 Be5 38. Rf3 Bd4 39. Ba4 c4
40. g4 Ke5 41. Rf5+ Kd6 42. Kg3 Be5+ 43. f4 Bd4 44. g5 hxg5 45. hxg5 fxg5 46.
fxg5 Rd1 47. Kg4 Ra1 48. Bb5 c3 49. Bc4 Rg1+ 50. Kf3 Rh1 51. Rd5+ Kc6 52. Rxd4
Rh3+ 53. Ke4 Rh2 54. Kd3 Rd2+ 55. Kxc3 Rg2 56. Bd3 Rxg5 57. Rc4+ Kb6 58. Rd4
Rc5+ 59. Rc4 Rh5 60. Rb4+ Kc5 61. Kb3 Kc6 62. Rc4+ Kd6 63. Rc3 Rd5 64. Kb2 Rd4
65. Kc1 Rd5 66. Kd2 Ke5 67. Rc4 Rd4 68. Rc5+ Rd5 69. Rc4 Kd6 70. Rd4 {Time
forfeit} 1-0

[Event "Rated Blitz tournament h5EJUXBD"]
[Site "?"]
[Date "2021.01.02"]
[Round "?"]
[White "dokijobava"]
[Black "Jlgg50972"]
[Result "0-1"]
[WhiteElo "2266"]
[BlackElo "2424"]
[PlyCount "110"]
[EventDate "2021.??.??"]
[EventType "blitz"]

1. e4 e5 2. Nf3 d5 3. exd5 e4 4. Qe2 Be7 5. Qxe4 Nf6 6. Qa4+ c6 7. dxc6 O-O 8.
Be2 Nxc6 9. O-O Re8 10. Nc3 Bd7 11. Bb5 a6 12. Bxc6 Bxc6 13. Qb3 Bxf3 14. gxf3
b5 15. d3 Qd7 16. Ne4 Qh3 17. Bf4 Qxf3 18. Bg3 Nxe4 19. dxe4 Qxe4 20. Rfe1 Qg6
21. Qd3 Bf6 22. Qxg6 hxg6 23. c3 a5 24. a3 Rad8 25. Rxe8+ Rxe8 26. Rd1 Re2 27.
b4 axb4 28. cxb4 Re7 29. Rd5 Rb7 30. Be5 Bxe5 31. Rxe5 f6 32. Rd5 Kf7 33. Kg2
Ke6 34. Rc5 Kd6 35. Kf3 Ra7 36. Rc3 Kd5 37. Ke3 f5 38. Kd3 Ke5 39. Ke3 g5 40.
Rc5+ Kf6 41. Rc3 g4 42. Kd4 Kg5 43. Kc5 Rb7 44. Kc6 Rb8 45. Kc7 Rf8 46. Kc6
Rc8+ 47. Kxb5 Rxc3 48. a4 Rc2 49. a5 Rxf2 50. a6 Ra2 51. Kb6 f4 52. b5 f3 53.
Kb7 f2 54. b6 f1=Q 55. a7 Qf4 {Normal} 0-1

[Event "Rated Blitz tournament jan21bua"]
[Site "?"]
[Date "2021.01.02"]
[Round "?"]
[White "rels"]
[Black "Fantastic_power06"]
[Result "0-1"]
[WhiteElo "2227"]
[BlackElo "2557"]
[PlyCount "62"]
[EventDate "2021.??.??"]
[EventType "blitz"]

1. e4 e5 2. Nf3 d5 3. exd5 e4 4. Nd4 Nf6 5. Nc3 c6 6. d3 cxd5 7. dxe4 dxe4 8.
Be3 Bb4 9. Nde2 O-O 10. a3 Ba5 11. b4 Bb6 12. Qxd8 Rxd8 13. Bxb6 axb6 14. Ng3
Nc6 15. Be2 Nxb4 16. O-O Nxc2 17. Rad1 Be6 18. a4 Nd4 19. Bb5 Nxb5 20. axb5 Bc4
21. Rfe1 Bd3 22. h3 Rac8 23. Ncxe4 Nxe4 24. Nxe4 g6 25. Nf6+ Kg7 26. Ng4 Bxb5
27. Rxd8 Rxd8 28. Re7 Rd1+ 29. Kh2 Rd7 30. Re8 h5 31. Rb8 hxg4 {Normal} 0-1

[Event "Rated Blitz game"]
[Site "?"]
[Date "2021.01.02"]
[Round "?"]
[White "DefinitelyNotGood"]
[Black "Fantastic_power06"]
[Result "1-0"]
[WhiteElo "2446"]
[BlackElo "2584"]
[PlyCount "93"]
[EventDate "2021.??.??"]
[EventType "blitz"]

1. e4 e5 2. Nf3 d5 3. exd5 e4 4. Qe2 Nf6 5. Nc3 Be7 6. Nxe4 O-O 7. d3 Re8 8.
Be3 Nxd5 9. O-O-O f5 10. Ne5 Nxe3 11. Qxe3 Nc6 12. Nxc6 bxc6 13. Nd2 Rb8 14. d4
Bf6 15. Bc4+ Kh8 16. Qf3 Qxd4 17. c3 Qb6 18. Bb3 Be6 19. Rhe1 a5 20. Qf4 a4 21.
Qxa4 Ra8 22. Rxe6 Red8 23. Qb4 Qxf2 24. Qc4 Qxg2 25. Re2 Qg5 26. Qxc6 Rf8 27.
h4 Qh6 28. Kb1 Rad8 29. Nf3 Rxd1+ 30. Bxd1 Qg6 31. Bb3 f4+ 32. Bc2 Qf7 33. Qe4
g6 34. Ng5 Bxg5 35. hxg5 Qg7 36. Rf2 Qf7 37. Bb3 Qf5 38. Qxf5 Rxf5 39. Kc2 Rxg5
40. Rxf4 Rg2+ 41. Kd3 h5 42. Rf7 Rg3+ 43. Ke4 h4 44. Rxc7 h3 45. Kf4 Rg4+ 46.
Kf3 h2 47. Kxg4 {Time forfeit} 1-0

[Event "Rated Blitz tournament jan21bta"]
[Site "?"]
[Date "2021.01.02"]
[Round "?"]
[White "Northridgehawk"]
[Black "KrAKeN_1"]
[Result "0-1"]
[WhiteElo "2400"]
[BlackElo "2400"]
[PlyCount "96"]
[EventDate "2021.??.??"]
[EventType "blitz"]

1. e4 e5 2. Nf3 d5 3. exd5 e4 4. Qe2 Nf6 5. Nc3 Be7 6. Nxe4 Nxd5 7. d3 O-O 8.
g3 Re8 9. Be3 f5 10. Ned2 Bf6 11. O-O-O f4 12. gxf4 Nxf4 13. Qe1 Qd5 14. Kb1
Be6 15. b3 Bf7 16. Rg1 Nc6 17. Ne4 Rxe4 18. dxe4 Qxe4 19. Ng5 Qe5 20. c3 Bxg5
21. Qd2 Rd8 22. Qc1 Bg6+ 23. Kb2 Rxd1 24. Qxd1 Nd5 25. Rxg5 Qxc3+ 26. Ka3 Qb4+
27. Kb2 Qc3+ 28. Ka3 Ncb4 29. Rxd5 Nc2+ 30. Qxc2 Qxc2 31. Bc4 Kf8 32. Bc5+ Ke8
33. Re5+ Kd7 34. Be3 c6 35. Bxa7 b5 36. Be2 Qc1+ 37. Kb4 Qd2+ 38. Ka3 Qa5+ 39.
Kb2 Qxa7 40. Re3 Qd4+ 41. Kc1 Qa1+ 42. Kd2 Qxa2+ 43. Kc3 Qa1+ 44. Kd2 Qb2+ 45.
Kd1 Bc2+ 46. Ke1 Bxb3 47. Bd1 Bxd1 48. Re2 Qxe2# {Normal} 0-1

[Event "Rated Blitz game"]
[Site "?"]
[Date "2021.01.02"]
[Round "?"]
[White "LuisMarini"]
[Black "ferricerve"]
[Result "1-0"]
[WhiteElo "2460"]
[BlackElo "2469"]
[PlyCount "43"]
[EventDate "2021.??.??"]
[EventType "blitz"]

1. e4 e5 2. Nf3 d5 3. Nxe5 Bd6 4. d4 dxe4 5. Nc4 Nf6 6. Be2 Be7 7. O-O O-O 8.
Nc3 b6 9. Bg5 Bb7 10. Qd2 Nbd7 11. Rad1 h6 12. Bf4 a6 13. f3 Re8 14. fxe4 Nxe4
15. Nxe4 Bxe4 16. Bf3 Bxf3 17. Rxf3 Nf6 18. Bxh6 gxh6 19. Qxh6 Nh7 20. Rxf7
Kxf7 21. Ne5+ Kg8 22. Qg6+ {Normal} 1-0

[Event "Rated Blitz game"]
[Site "?"]
[Date "2021.01.02"]
[Round "?"]
[White "supernecio"]
[Black "Slimslik02"]
[Result "1-0"]
[WhiteElo "2406"]
[BlackElo "2239"]
[PlyCount "91"]
[EventDate "2021.??.??"]
[EventType "blitz"]

1. e4 e5 2. Nf3 d5 3. exd5 e4 4. Qe2 Nf6 5. Nc3 Bc5 6. Nxe4 O-O 7. Nxf6+ Qxf6
8. c3 Bg4 9. d4 Bd6 10. h3 Bh5 11. g4 Bg6 12. Bg2 h6 13. O-O Na6 14. Ne5 Rfe8
15. f4 Qh4 16. Qf2 Qd8 17. Be3 Bh7 18. Rae1 f6 19. Nd3 b6 20. f5 Kh8 21. Nf4
Qd7 22. Ne6 Re7 23. a3 Rae8 24. c4 Nb8 25. b4 c6 26. c5 Bc7 27. d6 Bxd6 28.
cxd6 Qxd6 29. Bf4 Qd7 30. Bxb8 Rxb8 31. Qf3 Rc8 32. d5 cxd5 33. Qxd5 Qa4 34.
Nf4 Rd7 35. Qf3 Rd2 36. Rf2 Qc2 37. Rxd2 Qxd2 38. Re2 Rc1+ 39. Kh2 Qd6 40. Re8+
Bg8 41. Qg3 Qd1 42. Ng6+ Kh7 43. Qe3 Qd6+ 44. Nf4 Bf7 45. Re4 Qd1 46. Rd4 {
Time forfeit} 1-0

[Event "Rated Blitz tournament jan21bta"]
[Site "?"]
[Date "2021.01.02"]
[Round "?"]
[White "PavelMart"]
[Black "KrAKeN_1"]
[Result "0-1"]
[WhiteElo "2435"]
[BlackElo "2399"]
[PlyCount "142"]
[EventDate "2021.??.??"]
[EventType "blitz"]

1. e4 e5 2. Nf3 d5 3. Nxe5 Bd6 4. d4 dxe4 5. Bc4 Bxe5 6. dxe5 Qxd1+ 7. Kxd1 Nc6
8. Bf4 Nge7 9. Re1 Bf5 10. Nc3 O-O-O+ 11. Kc1 Ng6 12. g3 Ncxe5 13. Be2 Rhe8 14.
h4 Nxf4 15. gxf4 Ng6 16. Bc4 Re7 17. Nd5 Red7 18. Ne3 Be6 19. Bxe6 fxe6 20. f5
exf5 21. Nxf5 Rf8 22. Ng3 Rxf2 23. Nxe4 Re7 24. b3 Rf4 25. h5 Rfxe4 26. Rf1
Re1+ 27. Kb2 Rxa1 28. Kxa1 Ne5 29. Kb2 Kd7 30. Kc3 g6 31. h6 Ng4 32. Rh1 Re5
33. Rh4 Rh5 34. Rxg4 Rxh6 35. Rf4 Rh3+ 36. Kd4 Ke6 37. Rf8 g5 38. Rg8 h6 39.
Rg7 Kf5 40. Rxc7 g4 41. Rf7+ Kg6 42. Rf8 Kg7 43. Rf4 h5 44. Ke4 g3 45. Kf3 h4
46. Rg4+ Kf6 47. c4 Rh2 48. Rf4+ Kg5 49. Rg4+ Kh5 50. Rg8 Rf2+ 51. Ke3 Rf5 52.
Rh8+ Kg4 53. Rg8+ Rg5 54. Ke4 Rxg8 55. Kd4 g2 56. Kc5 g1=Q+ 57. Kb4 Qb6+ 58.
Ka4 Qa5+ 59. Kxa5 Rg5+ 60. Ka4 Ra5+ 61. Kxa5 b6+ 62. Ka4 h3 63. b4 h2 64. Ka3
h1=Q 65. Ka4 Qb1 66. Kb5 Qxb4+ 67. Ka6 Qxc4+ 68. Kb7 Qxa2 69. Kb8 Qa5 70. Kb7
b5 71. Kb8 b4 {Time forfeit} 0-1

[Event "Rated Blitz tournament jan21bta"]
[Site "?"]
[Date "2021.01.02"]
[Round "?"]
[White "RebeccaHarris"]
[Black "Abik02"]
[Result "0-1"]
[WhiteElo "2718"]
[BlackElo "2649"]
[PlyCount "78"]
[EventDate "2021.??.??"]
[EventType "blitz"]

1. e4 e5 2. Nf3 d5 3. d4 dxe4 4. Nxe5 Bd6 5. Nc3 Bxe5 6. dxe5 Qxd1+ 7. Kxd1 Nc6
8. Bf4 Nge7 9. Bc4 Ng6 10. Bg3 Bf5 11. Bb5 O-O-O+ 12. Ke1 Ncxe5 13. h4 c6 14.
Be2 h5 15. Nd1 Rhe8 16. Ne3 Be6 17. b4 f5 18. Bxe5 Nxe5 19. g3 Rf8 20. Ng2 g6
21. Nf4 Bf7 22. Rd1 Rxd1+ 23. Kxd1 Bxa2 24. Kc1 Bf7 25. Rd1 Rd8 26. Re1 Kc7 27.
Kb2 b6 28. Kc3 a5 29. bxa5 bxa5 30. Ra1 Kb6 31. Rb1+ Kc5 32. Ra1 Ra8 33. Ng2 a4
34. Ra3 Nd7 35. Ne3 Nb6 36. Kd2 Nd5 37. Kc1 Nxe3 38. fxe3 Kb4 39. Kb1 Kxa3 {
Normal} 0-1

[Event "Rated Blitz game"]
[Site "?"]
[Date "2021.01.02"]
[Round "?"]
[White "dedaluz"]
[Black "Fantastic_power06"]
[Result "0-1"]
[WhiteElo "2390"]
[BlackElo "2574"]
[PlyCount "128"]
[EventDate "2021.??.??"]
[EventType "blitz"]

1. e4 e5 2. Nf3 d5 3. exd5 e4 4. Ne5 Qxd5 5. d4 exd3 6. Nxd3 Nf6 7. Nc3 Qf5 8.
Qe2+ Be6 9. g3 Nc6 10. Be3 O-O-O 11. Bg2 Nd5 12. Nxd5 Bxd5 13. O-O Bxg2 14.
Kxg2 h5 15. h4 Bd6 16. Rad1 f6 17. Rfe1 g5 18. hxg5 fxg5 19. Qf3 Qg6 20. a3 g4
21. Qe2 h4 22. Bd2 Nd4 23. Qe4 Qf7 24. Qxg4+ Kb8 25. Bg5 hxg3 26. fxg3 Nf3 27.
Rh1 Nxg5 28. Qxg5 Rhg8 29. Ne5 Qe6 30. Rh6 Qxe5 31. Qxe5 Bxe5 32. Rxd8+ Rxd8
33. Re6 Bxb2 34. a4 b6 35. a5 Kb7 36. axb6 axb6 37. g4 Rd2+ 38. Kf3 Rxc2 39. g5
Rc6 40. Re7 Bf6 41. gxf6 Rxf6+ 42. Ke4 Rd6 43. Re5 Kc6 44. Rg5 b5 45. Rg1 Kb6
46. Rc1 Rc6 47. Rb1 Rc4+ 48. Kd5 c6+ 49. Kd6 Rd4+ 50. Ke5 Rd5+ 51. Ke4 Kc5 52.
Ke3 Rd4 53. Rc1+ Rc4 54. Rb1 b4 55. Kd3 Kb5 56. Rc1 Rxc1 57. Kd2 Rc5 58. Kd3
Rd5+ 59. Ke4 c5 60. Kf4 b3 61. Ke4 Rd4+ 62. Ke5 b2 63. Ke6 b1=Q 64. Ke7 Qd3 {
Normal} 0-1

[Event "Rated Blitz game"]
[Site "?"]
[Date "2021.01.02"]
[Round "?"]
[White "vistagausta"]
[Black "Fantastic_power06"]
[Result "1-0"]
[WhiteElo "2744"]
[BlackElo "2561"]
[PlyCount "86"]
[EventDate "2021.??.??"]
[EventType "blitz"]

1. e4 e5 2. Nf3 d5 3. exd5 e4 4. Qe2 Nf6 5. d3 Qxd5 6. Nbd2 Nc6 7. dxe4 Qc5 8.
c3 Be6 9. Qb5 Ng4 10. Nd4 O-O-O 11. N2f3 Nxd4 12. Nxd4 Rxd4 13. cxd4 Qxd4 14.
Qe8+ Qd8 15. Qxd8+ Kxd8 16. Be2 Bb4+ 17. Kf1 Nf6 18. Bg5 Kc8 19. f3 Rd8 20. a3
Be7 21. Rd1 Re8 22. Be3 Bb3 23. Rd3 Bc4 24. Rc3 Bxe2+ 25. Kxe2 b6 26. Rhc1 Bd6
27. g3 Kb7 28. Bf4 Bxf4 29. gxf4 c5 30. Kf2 Nh5 31. f5 Nf4 32. b4 Rc8 33. bxc5
Rxc5 34. Rxc5 Nd3+ 35. Ke3 Nxc5 36. e5 Kc6 37. Kd4 a5 38. a4 Kd7 39. Rxc5 bxc5+
40. Kxc5 g6 41. fxg6 hxg6 42. Kb5 Ke6 43. Kxa5 Kxe5 {Normal} 1-0

[Event "Rated Blitz tournament jan21bta"]
[Site "?"]
[Date "2021.01.02"]
[Round "?"]
[White "hitter1999"]
[Black "Abik02"]
[Result "1-0"]
[WhiteElo "2739"]
[BlackElo "2625"]
[PlyCount "43"]
[EventDate "2021.??.??"]
[EventType "blitz"]

1. e4 e5 2. Nf3 d5 3. Nxe5 Bd6 4. d4 dxe4 5. Bc4 Bxe5 6. Qh5 Qe7 7. Qxe5 Qxe5
8. dxe5 Nc6 9. Bf4 Nge7 10. Bg3 Ng6 11. Nc3 Ncxe5 12. Bb3 Bf5 13. Nd5 O-O 14.
Bxe5 c6 15. Ne3 Nxe5 16. Nxf5 Rfd8 17. Rd1 g6 18. Nd6 b6 19. Nxe4 Kg7 20. Rxd8
Rxd8 21. f4 c5 22. fxe5 {Normal} 1-0

[Event "Rated Blitz game"]
[Site "?"]
[Date "2021.01.02"]
[Round "?"]
[White "Cassius5171"]
[Black "Dzon_Vejn"]
[Result "1/2-1/2"]
[WhiteElo "2292"]
[BlackElo "2418"]
[PlyCount "76"]
[EventDate "2021.??.??"]
[EventType "blitz"]

1. e4 e5 2. Nf3 d5 3. exd5 e4 4. Ne5 Qxd5 5. d4 exd3 6. Nxd3 Nf6 7. Nc3 Qd8 8.
Bg5 Be7 9. Qd2 h6 10. Bh4 Bg4 11. f3 Bf5 12. O-O-O Nc6 13. Kb1 Qd7 14. g4 Bg6
15. Bh3 O-O-O 16. Rhe1 Rhe8 17. g5 Qxh3 18. gxf6 Qxh4 19. fxe7 Rxe7 20. Rxe7
Qxe7 21. Qf4 Qd6 22. Qg4+ Kb8 23. a3 Qxh2 24. Qc4 a6 25. Nd5 Qe2 26. Rc1 Qxf3
27. N3b4 Rd6 28. Re1 Re6 29. Rxe6 fxe6 30. Nxc6+ bxc6 31. Ne7 Qd1+ 32. Ka2 Qxc2
33. Nxc6+ Kc8 34. Qxe6+ Kb7 35. Nd8+ Kb8 36. Nc6+ Kb7 37. Nd8+ Ka7 38. Nc6+ Kb7
{Normal} 1/2-1/2

[Event "Rated Rapid game"]
[Site "?"]
[Date "2021.01.02"]
[Round "?"]
[White "Went_you_your"]
[Black "adlerelda"]
[Result "1-0"]
[WhiteElo "2416"]
[BlackElo "2294"]
[PlyCount "151"]
[EventDate "2021.??.??"]
[EventType "rapid"]

1. e4 e5 2. Nf3 d5 3. exd5 e4 4. Qe2 Nf6 5. Nc3 Be7 6. Nd4 O-O 7. Nxe4 Re8 8.
d3 Nxd5 9. Bd2 Bc5 10. Nb3 Bf8 11. Be3 f5 12. Bg5 Be7 13. Bxe7 Rxe7 14. O-O-O
fxe4 15. dxe4 Qd6 16. Qc4 Qf4+ 17. Kb1 c6 18. g3 Qf3 19. exd5 Qxd1+ 20. Nc1
Qxd5 21. Qh4 Re4 22. f4 Re1 23. Bc4 Qxc4 24. Rxe1 Be6 25. f5 Qxh4 26. gxh4 Bxf5
27. Re8+ Kf7 28. Rd8 Ke7 29. Rg8 Kf7 30. Rd8 c5 31. Ne2 b6 32. Ng3 Be6 33. Ne4
h6 34. Kc1 Ke7 35. Rh8 Bd5 36. Nc3 Bc6 37. Rc8 Kd7 38. Rg8 Na6 39. Rxg7+ Ke8
40. Rg6 Rc8 41. Rg8+ Kd7 42. Rg7+ Kd6 43. Rg6+ Ke5 44. Rxh6 Nb4 45. a3 Na6 46.
Kd2 Rd8+ 47. Ke3 Bg2 48. Rh5+ Ke6 49. Rh6+ Kf5 50. Rh5+ Kf6 51. Rh6+ Kg7 52.
Rh5 Re8+ 53. Kf4 Nc7 54. Rg5+ Kh6 55. Rxg2 Rf8+ 56. Ke5 Kh5 57. Ne4 Kxh4 58.
Rf2 Re8+ 59. Kf4 Nd5+ 60. Kf3 Rf8+ 61. Kg2 Rg8+ 62. Ng3 Ne3+ 63. Kf3 Nd1 64.
Rg2 Rf8+ 65. Ke4 Nxb2 66. Kd5 Rd8+ 67. Kc6 Nc4 68. a4 Nb2 69. Kb5 Kh3 70. Re2
Rd4 71. c3 Nxa4 72. Re3 Rf4 73. Ne2+ Kg4 74. Rg3+ Kf5 75. Nxf4 Kxf4 76. Kxa4 {
Normal} 1-0

[Event "Rated Blitz tournament jan21bta"]
[Site "?"]
[Date "2021.01.02"]
[Round "?"]
[White "drop_stone"]
[Black "Abik02"]
[Result "0-1"]
[WhiteElo "2738"]
[BlackElo "2667"]
[PlyCount "90"]
[EventDate "2021.??.??"]
[EventType "blitz"]

1. e4 e5 2. Nf3 d5 3. Nxe5 Bd6 4. d4 dxe4 5. Nc3 Bxe5 6. dxe5 Qxd1+ 7. Nxd1 Nc6
8. Bb5 Nge7 9. Nc3 Bd7 10. Nxe4 O-O-O 11. Bg5 Rhe8 12. O-O-O Nxe5 13. Bxd7+
Rxd7 14. Rxd7 Nxd7 15. Re1 f6 16. Bf4 Kd8 17. Nc3 c6 18. a4 Nd5 19. Rxe8+ Kxe8
20. Nxd5 cxd5 21. Kd2 a6 22. Kc3 Kf7 23. Kb4 Ke6 24. b3 g5 25. Be3 Kd6 26. g4
Ne5 27. h3 Nc6+ 28. Kc3 Ke5 29. Kd3 Nb4+ 30. Kc3 Nc6 31. Bd2 Ke4 32. b4 b5 33.
a5 d4+ 34. Kb3 Kf3 35. c4 dxc3 36. Bxc3 Ne5 37. Bd4 Kg2 38. Kc3 Kxh3 39. Kd2
Nf3+ 40. Ke3 Nxd4 41. Kxd4 Kxg4 42. Kc5 h5 43. Kb6 h4 44. Kxa6 h3 45. f3+ Kxf3
{Normal} 0-1

[Event "Rated Blitz game"]
[Site "?"]
[Date "2021.01.02"]
[Round "?"]
[White "macsimilushin"]
[Black "ali-sh"]
[Result "0-1"]
[WhiteElo "2519"]
[BlackElo "2538"]
[PlyCount "78"]
[EventDate "2021.??.??"]
[EventType "blitz"]

1. e4 e5 2. Nf3 d5 3. Nxe5 Bd6 4. d4 dxe4 5. Be2 Bxe5 6. dxe5 Qxd1+ 7. Bxd1 Nc6
8. Nc3 Bf5 9. f4 exf3 10. Bxf3 Bxc2 11. Bg5 h6 12. Bh4 g5 13. Bg3 O-O-O 14. Rc1
Bd3 15. Kf2 Nge7 16. Rhd1 Rhe8 17. Ne4 Bxe4 18. Bxe4 Rxd1 19. Rxd1 Rd8 20.
Rxd8+ Nxd8 21. Ke3 Kd7 22. h4 Ke6 23. hxg5 hxg5 24. Kf3 Ndc6 25. Kg4 Nxe5+ 26.
Kxg5 b5 27. Bf2 a5 28. Bc5 Nd5 29. a3 f6+ 30. Kh6 Nf4 31. Kg7 Nfd3 32. Bd4 c5
33. Bc3 b4 34. Bd2 Nxb2 35. axb4 cxb4 36. Bc2 b3 37. Bxb3+ Kd6 38. Bxa5 Nbd3
39. Bc3 Nc5 {Time forfeit} 0-1

[Event "Rated Blitz game"]
[Site "?"]
[Date "2021.01.02"]
[Round "?"]
[White "peritodeifinali"]
[Black "Dzon_Vejn"]
[Result "0-1"]
[WhiteElo "2329"]
[BlackElo "2416"]
[PlyCount "56"]
[EventDate "2021.??.??"]
[EventType "blitz"]

1. e4 e5 2. Nf3 d5 3. exd5 e4 4. Qe2 Nf6 5. d3 Qxd5 6. dxe4 Qxe4 7. Nc3 Qxe2+
8. Bxe2 Nc6 9. Bb5 Bd7 10. O-O O-O-O 11. Bf4 h6 12. h3 Bb4 13. a3 Bxc3 14. bxc3
Nd5 15. Bd2 Rhe8 16. c4 Nde7 17. Rab1 f6 18. Rb2 a6 19. Ba4 Ne5 20. Bxd7+ Rxd7
21. Nxe5 Rxd2 22. Nd3 Nc6 23. Rfb1 b6 24. c5 b5 25. a4 bxa4 26. Ra1 Ree2 27.
Rxa4 a5 28. Rf4 Rxd3 {Normal} 0-1

[Event "Rated Blitz game"]
[Site "?"]
[Date "2021.01.02"]
[Round "?"]
[White "peritodeifinali"]
[Black "Dzon_Vejn"]
[Result "1-0"]
[WhiteElo "2320"]
[BlackElo "2425"]
[PlyCount "39"]
[EventDate "2021.??.??"]
[EventType "blitz"]

1. e4 e5 2. Nf3 d5 3. exd5 e4 4. Qe2 Nf6 5. d3 Qxd5 6. Nc3 Bb4 7. Bd2 Bxc3 8.
Bxc3 Nbd7 9. dxe4 Qxe4 10. O-O-O O-O 11. Qd2 Qa4 12. b3 Qxa2 13. Bd3 a5 14. Ne5
Nc5 15. Qg5 Nxd3+ 16. Rxd3 a4 17. Ng4 Bxg4 18. Bxf6 g6 19. Qh6 Qa3+ 20. Bb2 {
Normal} 1-0

[Event "Rated Blitz tournament jan21bta"]
[Site "?"]
[Date "2021.01.02"]
[Round "?"]
[White "drop_stone"]
[Black "Abik02"]
[Result "1/2-1/2"]
[WhiteElo "2724"]
[BlackElo "2668"]
[PlyCount "116"]
[EventDate "2021.??.??"]
[EventType "blitz"]

1. e4 e5 2. Nf3 d5 3. Nxe5 Bd6 4. d4 dxe4 5. Nc3 Bxe5 6. dxe5 Qxd1+ 7. Nxd1 Nc6
8. Bb5 Bd7 9. Nc3 Nxe5 10. Bxd7+ Kxd7 11. Nxe4 Re8 12. O-O Kc8 13. Rd1 f6 14.
Bf4 Ng6 15. Re1 N8e7 16. Bg3 Nf5 17. Rad1 Nxg3 18. hxg3 b6 19. a4 Re6 20. Nc3
Rhe8 21. Rxe6 Rxe6 22. f3 Ne5 23. Rd4 Nc6 24. Re4 Rxe4 25. Nxe4 Nd4 26. c3 Ne6
27. g4 Kb7 28. Kf2 Nf4 29. b4 a5 30. bxa5 bxa5 31. g5 fxg5 32. Nxg5 h6 33. Ne4
Kc6 34. Nd2 Nd3+ 35. Ke3 Nb2 36. Kd4 Nxa4 37. Nc4 Kb5 38. Na3+ Ka6 39. f4 Nb6
40. f5 Nd7 41. Nc4 Nf6 42. Kc5 Ne4+ 43. Kc6 Ng3 44. f6 gxf6 45. Kxc7 Ne4 46.
Kd7 Nxc3 47. Ke6 Kb5 48. Nxa5 Ne4 49. Nb7 Kc4 50. Kf5 Kd3 51. Nd8 Ke3 52. Nf7
h5 53. Nh8 Ng3+ 54. Kxf6 Kf2 55. Kg5 Kxg2 56. Ng6 Kh3 57. Nf4+ Kh2 58. Nxh5
Nxh5 {Normal} 1/2-1/2

[Event "Rated Blitz game"]
[Site "?"]
[Date "2021.01.02"]
[Round "?"]
[White "kintoho"]
[Black "ali-sh"]
[Result "1-0"]
[WhiteElo "2509"]
[BlackElo "2559"]
[PlyCount "117"]
[EventDate "2021.??.??"]
[EventType "blitz"]

1. e4 e5 2. Nf3 d5 3. d4 dxe4 4. Nxe5 Bd6 5. Nc4 Nc6 6. Nxd6+ Qxd6 7. c3 Nf6 8.
Be2 Bf5 9. O-O O-O-O 10. Na3 h5 11. Nc4 Qe6 12. b4 Nd5 13. Qb3 Bg4 14. Re1 Bxe2
15. Rxe2 f5 16. Bg5 Rde8 17. Rae1 Qg6 18. h4 f4 19. b5 Nb8 20. Ne5 Rxe5 21.
dxe5 f3 22. Rxe4 Nb6 23. c4 N8d7 24. Qxf3 Nc5 25. Rf4 Ne6 26. Rfe4 Nd7 27. Qh3
Rf8 28. f4 Ndc5 29. R4e3 Kb8 30. g3 Nd4 31. e6 Nc2 32. e7 Re8 33. f5 Qb6 34.
Kh2 Nxe1 35. Rxe1 Nd3 36. Re2 Nf2 37. Qf1 Ng4+ 38. Kh1 c6 39. Qd1 a5 40. Qd8+
Ka7 41. Qxb6+ Kxb6 42. Rd2 Nf6 43. Bxf6 gxf6 44. bxc6 Rxe7 45. cxb7 Kxb7 46.
Rd6 Re3 47. Rxf6 Rxg3 48. Rg6 Rh3+ 49. Kg2 Rxh4 50. f6 Rxc4 51. Kg3 Rc8 52. f7
Rf8 53. Rf6 Kc7 54. Kh4 Kd7 55. Kg5 Ke7 56. Kg6 h4 57. Rf3 h3 58. Re3+ Kd6 59.
Rxh3 {Time forfeit} 1-0

[Event "Rated Blitz tournament h5EJUXBD"]
[Site "?"]
[Date "2021.01.02"]
[Round "?"]
[White "salyam"]
[Black "Jlgg50972"]
[Result "1-0"]
[WhiteElo "2244"]
[BlackElo "2409"]
[PlyCount "23"]
[EventDate "2021.??.??"]
[EventType "blitz"]

1. e4 e5 2. Nf3 d5 3. Nxe5 Bd6 4. d4 dxe4 5. f4 Bxe5 6. dxe5 c5 7. Qxd8+ Kxd8
8. Bc4 Nh6 9. Nc3 Bf5 10. Be3 Nc6 11. Bxc5 Ng4 12. h3 {Normal} 1-0

[Event "Rated Blitz game"]
[Site "?"]
[Date "2021.01.02"]
[Round "?"]
[White "Maurice93"]
[Black "ShadowofEagle1"]
[Result "1-0"]
[WhiteElo "2555"]
[BlackElo "2584"]
[PlyCount "125"]
[EventDate "2021.??.??"]
[EventType "blitz"]

1. e4 e5 2. Nf3 d5 3. Nxe5 Bd6 4. d4 dxe4 5. Nc4 Nf6 6. Nxd6+ Qxd6 7. Nc3 O-O
8. Be3 c6 9. Be2 Bf5 10. g4 Be6 11. g5 Nd5 12. Nxe4 Qb4+ 13. c3 Qxb2 14. Rb1
Qxa2 15. Rxb7 Bc8 16. Rb3 Nxe3 17. fxe3 Bf5 18. Bf3 Re8 19. O-O Bxe4 20. Bxe4
Rxe4 21. Rb7 Qe6 22. Rfxf7 Rg4+ 23. Kf2 Rxg5 24. Qf3 Na6 25. h4 Qa2+ 26. Kf1
Qa1+ 27. Ke2 Rg1 28. Rxg7+ Rxg7 29. Rxg7+ Kxg7 30. Qg3+ Kf7 31. Qf4+ Ke7 32.
Qe4+ Kd7 33. Qxh7+ Kc8 34. Qg8+ Kb7 35. Qb3+ Kc7 36. Qf7+ Kb6 37. Qb3+ Ka5 38.
h5 Qa4 39. Qf7 Qb5+ 40. Kf3 Qb1 41. Kg4 Qb7 42. Qxb7 Nb4 43. Qg7 Nd3 44. Kg5
Re8 45. h6 Re4 46. Kg6 Rxe3 47. Kf7 Rg3 48. Kg8 Rxg7+ 49. hxg7 Nf4 50. Kf7 Ne6
51. g8=Q Kb5 52. Qc8 Nxd4 53. Qb8+ Kc4 54. cxd4 c5 55. Qxa7 Kxd4 56. Qc7 c4 57.
Ke6 Kc3 58. Qd6 Kb3 59. Ke5 c3 60. Qb6+ Kc2 61. Kd4 Kc1 62. Qb3 c2 63. Ke3 {
Time forfeit} 1-0

[Event "Rated Blitz game"]
[Site "?"]
[Date "2021.01.02"]
[Round "?"]
[White "sgillani051"]
[Black "GrandeGila"]
[Result "0-1"]
[WhiteElo "2434"]
[BlackElo "2357"]
[PlyCount "120"]
[EventDate "2021.??.??"]
[EventType "blitz"]

1. e4 e5 2. Nf3 d5 3. exd5 e4 4. Qe2 Nf6 5. d3 Qxd5 6. dxe4 Qxe4 7. Qxe4+ Nxe4
8. Bd3 Nc5 9. O-O Nxd3 10. cxd3 Nc6 11. Nc3 Be6 12. d4 O-O-O 13. Be3 Be7 14. h3
Bf6 15. Rfd1 Nb4 16. Rac1 Nxa2 17. Nxa2 Bxa2 18. Ra1 Bb3 19. Rd3 Bc4 20. Rc3
Ba6 21. Bf4 c6 22. Rxa6 bxa6 23. Rxc6+ Kd7 24. Rc7+ Ke6 25. Rxa7 Bxd4 26. Rxa6+
Kf5 27. Nxd4+ Kxf4 28. Nf3 Rd1+ 29. Kh2 Rd7 30. Ra5 Rb8 31. Ne5 Rc7 32. g3+ Ke4
33. Kg2 Rxb2 34. Nf3 f6 35. h4 Rcc2 36. Ra4+ Kd5 37. Ra5+ Kd6 38. Ra6+ Kc5 39.
Ng1 Rxf2+ 40. Kh3 Rb1 41. Ra7 Rxg1 42. Rxg7 h5 43. g4 hxg4+ 44. Rxg4 Rxg4 45.
Kxg4 Rh2 46. h5 Kd4 47. Kf5 Rxh5+ 48. Kxf6 Kd5 49. Kg6 Re5 50. Kf6 Re3 51. Kf5
Rf3+ 52. Kg4 Rf8 53. Kg5 Ke6 54. Kg4 Ke5 55. Kg3 Ke4 56. Kg4 Rg8+ 57. Kh5 Kf5
58. Kh4 Rg7 59. Kh3 Kf4 60. Kh2 Kf3 {Time forfeit} 0-1

[Event "Rated Blitz tournament jan21bta"]
[Site "?"]
[Date "2021.01.02"]
[Round "?"]
[White "yaroslavremizov"]
[Black "KrAKeN_1"]
[Result "1-0"]
[WhiteElo "2489"]
[BlackElo "2482"]
[PlyCount "75"]
[EventDate "2021.??.??"]
[EventType "blitz"]

1. e4 e5 2. Nf3 d5 3. d3 dxe4 4. dxe4 Qxd1+ 5. Kxd1 Nc6 6. Bb5 Bd7 7. Be3 O-O-O
8. Ke2 f6 9. Rd1 Nh6 10. h3 Nf7 11. Nbd2 Nd6 12. Bd3 g5 13. c3 h5 14. b4 g4 15.
hxg4 h4 16. Rh1 Bxg4 17. a4 f5 18. Bg5 Re8 19. Rxh4 Rxh4 20. Bxh4 Bh6 21. Re1
a6 22. Kf1 f4 23. b5 axb5 24. axb5 Na5 25. Bf6 b6 26. Nxe5 Be6 27. Ndf3 Nb3 28.
Bg5 Bg7 29. Bxf4 Nc5 30. Be2 Ndxe4 31. Bc4 Nxc3 32. Bxe6+ Rxe6 33. Nd4 Rf6 34.
g3 Ne6 35. Nec6 Nxd4 36. Re8+ Kd7 37. Re7+ Kc8 38. Rxc7# {Normal} 1-0